[Event "8e Festival de Vaujany 2017 - principal"]
[Site "?"]
[Date "2017.07.19"]
[Round "7.3"]
[White "Van Osch, Mees"]
[Black "Van Foreest, Lucas"]
[Result "1/2-1/2"]
[WhiteElo "2316"]
[BlackElo "2473"]
[PlyCount "60"]
[EventDate "2017.07.15"]

1. e4 e5 2. Nf3 Nc6 3. Nc3 Nf6 4. Bb5 Bd6 5. d3 h6 6. a3 a6 7. Ba4 O-O 8. g4
Bc5 9. g5 Ng4 10. O-O f6 11. Bb3+ Kh7 12. g6+ Kh8 13. Nh4 f5 14. Nxf5 Nxf2 15.
Qh5 Nxe4+ 16. Kh1 Ng5 17. h4 Nd4 18. Bxg5 Rxf5 19. Bxd8 Rxh5 20. Ne4 d5 21.
Nxc5 Bf5 22. Nxb7 Nxb3 23. cxb3 Rb8 24. Rae1 Rxb7 25. Rxe5 Bxg6 26. Rxh5 Bxh5
27. b4 Bg6 28. d4 c6 29. Kh2 Rd7 30. Rf8+ Kh7 1/2-1/2

[Event "8e Festival de Vaujany 2017 - principal"]
[Site "?"]
[Date "2017.07.19"]
[Round "7.5"]
[White "Collas, Didier"]
[Black "Maiorov, Nikita"]
[Result "1-0"]
[WhiteElo "2376"]
[BlackElo "2531"]
[PlyCount "122"]
[EventDate "2017.07.15"]

1. e4 e5 2. Nf3 Nc6 3. Bb5 a6 4. Ba4 Nf6 5. O-O Be7 6. Re1 b5 7. Bb3 d6 8. c3
O-O 9. h3 Nb8 10. d4 Nbd7 11. Nbd2 Bb7 12. Bc2 Re8 13. Nf1 Bf8 14. Ng3 g6 15.
a4 c5 16. d5 c4 17. Bg5 Nc5 18. Qd2 Be7 19. Bh6 Nfd7 20. Nh2 Nxa4 21. Bxa4 bxa4
22. Rxa4 a5 23. Ng4 Ba6 24. Ra2 Nc5 25. Kh2 Bc8 26. Ne3 Qc7 27. Ra3 Rb8 28. Qe2
Bh4 29. Qc2 Nd3 30. Rb1 Ba6 31. Qe2 Bd8 32. Ra2 Kh8 33. Qf3 f6 34. h4 Rb7 35.
h5 g5 36. Ngf5 Rg8 37. g3 Qc5 38. Ng4 Bb5 39. Nge3 Be8 40. g4 a4 41. Kg3 Nf4
42. Qd1 Bb6 43. Rba1 Nd3 44. Qe2 Bb5 45. Rxa4 Bxa4 46. Rxa4 Qb5 47. Rxc4 Nf4
48. Qf1 Qxb2 49. Nxd6 Bxe3 50. fxe3 Ra7 51. exf4 exf4+ 52. Kf3 Rga8 53. Rc6 Ra2
54. Nf5 Qh2 55. e5 Ra1 56. Qxa1 Qh3+ 57. Ke4 Qg2+ 58. Kd4 Rd8 59. Qa5 Qd2+ 60.
Kc4 Qe2+ 61. Kc5 Qe3+ 1-0

[Event "8e Festival de Vaujany 2017 - principal"]
[Site "Vaujany"]
[Date "2017.07.19"]
[Round "7.6"]
[White "Brunner, Nicolas"]
[Black "Dudognon, Thibault"]
[Result "1/2-1/2"]
[WhiteElo "2480"]
[BlackElo "2201"]
[PlyCount "140"]
[EventDate "2017.07.13"]
[EventRounds "9"]
[EventCountry "FRA"]

1. d4 d5 2. c4 c6 3. Nc3 Nf6 4. e3 a6 5. Nf3 g6 6. a4 Bg7 7. Be2 Bg4 8. Qb3 Ra7
9. h3 Bf5 10. a5 h6 11. Bd2 O-O 12. O-O g5 13. cxd5 cxd5 14. Rfc1 Nc6 15. Na4
Ne4 16. Be1 g4 17. Nh4 Bh7 18. hxg4 Nxa5 19. Bxa5 Qxa5 20. Nc3 Qd8 21. Nf5 Nxc3
22. Rxc3 e6 23. Nxg7 Kxg7 24. Rac1 b5 25. Rc6 Qe7 26. Qc3 b4 27. Qc5 Qxc5 28.
dxc5 Rfa8 29. Rb6 a5 30. c6 Rc7 31. Ba6 Kf6 32. Bb7 Ra7 33. Ra1 Bd3 34. Kh2 Ke5
35. Kg3 Kd6 36. Rxb4 axb4 37. Rxa7 Bb5 38. Ra8 Bxc6 39. Bxc6 Rxc6 40. Rb8 Kc5
41. b3 e5 42. Re8 f6 43. Kf3 Ra6 44. Rc8+ Kb5 45. Rh8 e4+ 46. Kf4 Ra3 47. Rxh6
Rxb3 48. Rxf6 Ra3 49. Rf8 b3 50. Rb8+ Kc4 51. g5 Ra2 52. Kg3 Kc3 53. f4 exf3
54. gxf3 Ra4 55. Rc8+ Rc4 56. Rh8 b2 57. Rh1 Kb3 58. Rb1 Rc1 59. Rxb2+ Kxb2 60.
f4 Kc3 61. f5 Kd3 62. Kf4 Rf1+ 63. Ke5 Kxe3 64. g6 d4 65. g7 Rg1 66. f6 Rg5+
67. Ke6 d3 68. f7 d2 69. g8=Q Rxg8 70. fxg8=Q d1=Q 1/2-1/2

[Event "8e Festival de Vaujany 2017 - principal"]
[Site "?"]
[Date "2017.07.19"]
[Round "7.7"]
[White "Godart, Francois"]
[Black "Olivier, Jean Christophe"]
[Result "1-0"]
[WhiteElo "2411"]
[BlackElo "2353"]
[PlyCount "131"]
[EventDate "2017.07.15"]

1. d4 Nf6 2. Nf3 e6 3. e3 b6 4. Bd3 Bb7 5. O-O Be7 6. c4 O-O 7. Nc3 d5 8. cxd5
exd5 9. b3 Nbd7 10. Bb2 Re8 11. Rc1 a6 12. Ne5 Nxe5 13. dxe5 Nd7 14. Qc2 Nxe5
15. Bxh7+ Kf8 16. Rfd1 Bd6 17. Bf5 Qh4 18. Nxd5 Rad8 19. Qc3 Nf3+ 20. gxf3
Qxh2+ 21. Kf1 Be5 22. Ba3+ c5 23. Qc4 Bg3 24. Rc2 Qh1+ 25. Ke2 Qg2 26. Rf1 Rxd5
27. Qg4 Rxe3+ 28. Kxe3 Re5+ 29. Be4 Rxe4+ 30. fxe4 Bxf2+ 31. Rcxf2 Qxg4 32.
Rxf7+ Kg8 33. Rxb7 Qg3+ 34. Rf3 Qe1+ 35. Kf4 Qd2+ 36. Kf5 Qd8 37. Ke5 Qd4+ 38.
Kf5 g6+ 39. Kf4 Qf6+ 40. Kg4 Qe6+ 41. Kg3 Qe5+ 42. Kg2 Qxe4 43. Rb8+ Kh7 44.
Rbf8 g5 45. Kf2 Qd4+ 46. Ke2 Qe5+ 47. Re3 Qd4 48. Bc1 Kg7 49. Rfe8 Qg4+ 50. Kd2
Qg2+ 51. Re2 Qd5+ 52. Kc3 b5 53. R8e5 Qf3+ 54. R2e3 Qd1 55. Re1 Qf3+ 56. R5e3
Qf5 57. Bb2 Kg6 58. Kd2 c4 59. Kc1 g4 60. Re6+ Kh7 61. Rh1+ Kg8 62. Rh8+ Kf7
63. Rf6+ Qxf6 64. Bxf6 Kxf6 65. bxc4 bxc4 66. Kd2 1-0

[Event "8e Festival de Vaujany 2017 - principal"]
[Site "?"]
[Date "2017.07.19"]
[Round "7.8"]
[White "Ratsma, Midas"]
[Black "Skomorokhin, Roman"]
[Result "0-1"]
[WhiteElo "2209"]
[BlackElo "2390"]
[PlyCount "88"]
[EventDate "2017.07.15"]

1. e4 c5 2. Nf3 d6 3. c3 Nf6 4. Be2 Bd7 5. Qc2 Bc6 6. d3 Nbd7 7. Nbd2 Rc8 8.
O-O g6 9. d4 cxd4 10. Nxd4 Bg7 11. Nxc6 bxc6 12. b3 O-O 13. Bb2 a5 14. c4 Qb6
15. Kh1 e5 16. Rad1 Rfd8 17. Qd3 Nc5 18. Qe3 Qc7 19. f4 exf4 20. Rxf4 Nh5 21.
Bxg7 Nxf4 22. Bf6 Nfe6 23. Qh6 Nd7 24. e5 Nxf6 25. exf6 d5 26. Rf1 Qe5 27. Bg4
Rc7 28. h4 d4 29. Rf3 d3 30. h5 Qg5 31. Qxg5 Nxg5 32. Re3 h6 33. c5 Rd5 34. Nc4
d2 35. Nxd2 gxh5 36. Re8+ Kh7 37. Bc8 Rxc8 38. Rxc8 Rxd2 39. Rxc6 Rxa2 40. Rb6
Rc2 41. Rb5 h4 42. Rxa5 h3 43. gxh3 Nf3 44. b4 Rh2# 0-1

[Event "8e Festival de Vaujany 2017 - principal"]
[Site "Vaujany"]
[Date "2017.07.19"]
[Round "7.9"]
[White "Piceu, Tom"]
[Black "Gazik, Igor"]
[Result "1-0"]
[WhiteElo "2378"]
[BlackElo "2273"]
[PlyCount "71"]
[EventDate "2017.07.13"]
[EventRounds "9"]
[EventCountry "FRA"]

1. d4 Nf6 2. c4 g6 3. Nc3 Bg7 4. e4 d6 5. f4 O-O 6. Nf3 Bg4 7. Be2 Nfd7 8. Be3
e5 9. fxe5 dxe5 10. d5 Bxf3 11. Bxf3 Bh6 12. Bf2 Qe7 13. O-O Qb4 14. a3 Qxb2
15. Na4 Qd2 16. Qb3 b6 17. c5 Na6 18. Rfd1 Qa5 19. c6 Ndc5 20. Nxc5 Nxc5 21.
Qb4 Qxb4 22. axb4 Nb3 23. Ra3 Nd2 24. Rda1 f5 25. Rxa7 Rac8 26. Re1 Nxf3+ 27.
gxf3 Bd2 28. Rb1 fxe4 29. fxe4 Rf4 30. b5 Rxe4 31. Rxc7 Rf8 32. d6 Rg4+ 33. Bg3
Bg5 34. d7 Rc4 35. Rc8 Bd8 36. Rf1 1-0

[Event "8e Festival de Vaujany 2017 - principal"]
[Site "?"]
[Date "2017.07.19"]
[Round "7.10"]
[White "Decrop, Benjamin"]
[Black "Midoux, Sebastien"]
[Result "0-1"]
[WhiteElo "2177"]
[BlackElo "2339"]
[PlyCount "80"]
[EventDate "2017.07.15"]

1. d4 Nf6 2. Nf3 g6 3. Bf4 Bg7 4. e3 O-O 5. Be2 d6 6. h3 Nfd7 7. O-O e5 8. Bh2
Nc6 9. c3 Qe7 10. a4 f5 11. Na3 Kh8 12. Qc2 e4 13. Nd2 Nf6 14. b4 Bd7 15. a5 a6
16. Ndc4 Nd5 17. Rfe1 f4 18. b5 Nd8 19. exf4 Nxf4 20. Bxf4 Rxf4 21. Ne3 Qg5 22.
Bg4 Bxb5 23. Nxb5 axb5 24. g3 Rf8 25. Qxe4 c6 26. Ra2 d5 27. Qd3 Qf6 28. f4 Nf7
29. Bf3 Nd6 30. Bg2 h5 31. Rf1 b4 32. cxb4 Qxd4 33. Rd2 Nf5 34. Kf2 Rae8 35.
Qxd4 Bxd4 36. Rxd4 Nxd4 37. Rd1 Nb5 38. Bf1 Nd6 39. Bd3 h4 40. b5 hxg3+ 0-1

[Event "8e Festival de Vaujany 2017 - principal"]
[Site "?"]
[Date "2017.07.19"]
[Round "7.11"]
[White "Ratsma, Rosa"]
[Black "Gedajlovic, Max"]
[Result "1/2-1/2"]
[WhiteElo "2194"]
[BlackElo "2324"]
[PlyCount "91"]
[EventDate "2017.07.15"]

1. e4 e6 2. Qe2 c5 3. Nf3 Nc6 4. c3 Nf6 5. g3 d6 6. Bg2 Be7 7. O-O O-O 8. Rd1
Qc7 9. d4 cxd4 10. cxd4 d5 11. Bf4 Qb6 12. e5 Ne4 13. h4 Bd7 14. Be3 Na5 15.
Nh2 f5 16. Bxe4 fxe4 17. Nc3 Nc4 18. Bc1 Rac8 19. Ng4 Be8 20. Ne3 Nxe3 21. Bxe3
Rf3 22. Rac1 Rb8 23. Qc2 Qd8 24. Ne2 Bc6 25. Kg2 Qe8 26. Rh1 Qd7 27. Qd2 Rbf8
28. Rc2 Bd8 29. b3 Bb5 30. Ng1 R3f5 31. Nh3 Bd3 32. Rcc1 Qb5 33. Nf4 Ba5 34. b4
Bxb4 35. Qb2 Rxf4 36. Bxf4 Qa5 37. Rcd1 Bc3 38. Qxb7 Bxd4 39. h5 h6 40. Rh4
Qxa2 41. Rd2 Qxd2 42. Bxd2 Rxf2+ 43. Kh1 Rf1+ 44. Kh2 Rf2+ 45. Kh1 Rf1+ 46. Kg2
1/2-1/2

[Event "8e Festival de Vaujany 2017 - principal"]
[Site "?"]
[Date "2017.07.19"]
[Round "7.12"]
[White "Collas, Silvia"]
[Black "Montagard, Guillaume"]
[Result "1-0"]
[WhiteElo "2296"]
[BlackElo "2084"]
[PlyCount "99"]
[EventDate "2017.07.15"]

1. c4 Nf6 2. Nc3 c6 3. Nf3 d5 4. e3 a6 5. b3 Bg4 6. Be2 e6 7. h3 Bh5 8. O-O Be7
9. Bb2 O-O 10. Rc1 Nbd7 11. d4 Ne4 12. cxd5 exd5 13. Nxe4 dxe4 14. Nd2 Bxe2 15.
Qxe2 Nf6 16. f3 Qd5 17. fxe4 Nxe4 18. Nxe4 Qxe4 19. Rf4 Qe6 20. Rg4 f6 21. e4
Rf7 22. Rf1 f5 23. Rgf4 Raf8 24. e5 g6 25. Qc4 Qd5 26. R4f3 Kg7 27. Qxd5 cxd5
28. Rc1 Bg5 29. Rc2 Re8 30. Rfc3 Bd8 31. Rc8 Rd7 32. Ra8 Re6 33. Rcc8 Bg5 34.
Kf2 Kh6 35. Kf3 Bd2 36. Ba3 g5 37. g3 g4+ 38. hxg4 fxg4+ 39. Kxg4 Rg6+ 40. Kf3
Rf7+ 41. Ke2 Rxg3 42. Kxd2 Rf2+ 43. Ke1 Rh2 44. Bc1+ Kh5 45. Rg8 Rgh3 46. Rg5+
Kh4 47. Rag8 Rh1+ 48. Rg1 R1h2 49. R8g4+ Kh5 50. Rg7 1-0

[Event "8e Festival de Vaujany 2017 - principal"]
[Site "?"]
[Date "2017.07.19"]
[Round "7.13"]
[White "Joie, Sebastien"]
[Black "Fodor, Balazs"]
[Result "1-0"]
[WhiteElo "2376"]
[BlackElo "2117"]
[PlyCount "73"]
[EventDate "2017.07.15"]

1. Nf3 d5 2. g3 Nf6 3. Bg2 Bf5 4. O-O e6 5. c4 c6 6. cxd5 exd5 7. d3 Nbd7 8.
Nc3 Bc5 9. e4 dxe4 10. dxe4 Be6 11. e5 Nd5 12. Qc2 Nxc3 13. Qxc3 Qb6 14. Bd2 a5
15. Qc2 h6 16. Bc3 O-O 17. Rfd1 a4 18. Nd4 Bg4 19. Nf5 Bxf2+ 20. Kh1 Rad8 21.
Rd6 Be3 22. e6 fxe6 23. Ne7+ Kf7 24. Nc8 Qc5 25. Rf1+ Bf5 26. Bd5 cxd5 27.
Rxf5+ exf5 28. Qxf5+ Kg8 29. Ne7+ Kh8 30. Ng6+ Kg8 31. Ne7+ Kh8 32. Ng6+ Kg8
33. Qe6+ Kh7 34. Nxf8+ Nxf8 35. Qf5+ Kh8 36. Rxd8 d4 37. Qxc5 1-0

[Event "8e Festival de Vaujany 2017 - principal"]
[Site "?"]
[Date "2018.07.19"]
[Round "7.14"]
[White "Virag, Balint"]
[Black "Frederic, Clement"]
[Result "0-1"]
[WhiteElo "1922"]
[BlackElo "2198"]
[PlyCount "56"]

1. e4 d6 2. d4 Nf6 3. Nc3 Nbd7 4. g3 e5 5. Nf3 Be7 6. Bg2 c6 7. O-O O-O 8. Be3
b5 9. d5 b4 10. dxc6 bxc3 11. cxd7 Bb7 12. bxc3 Bxe4 13. Bg5 Nxd7 14. Bxe7 Qxe7
15. Re1 Bb7 16. Nd4 Bxg2 17. Kxg2 Nb6 18. Nf5 Qe6 19. Qg4 g6 20. Nh6+ Kg7 21.
Qh4 f5 22. g4 fxg4 23. Nxg4 h5 24. Ne3 Rf4 25. Qg3 h4 26. Qg5 Nd5 27. h3 Nf6
28. Rad1 Ne4 0-1

[Event "8e Festival de Vaujany 2017 - principal"]
[Site "?"]
[Date "2017.07.19"]
[Round "7.15"]
[White "Bandet, Raphael"]
[Black "Degeorges, Mathis"]
[Result "0-1"]
[WhiteElo "2179"]
[BlackElo "2061"]
[PlyCount "100"]
[EventDate "2017.07.15"]

1. e4 e5 2. Nf3 Nc6 3. Bc4 Bc5 4. c3 Nf6 5. d3 a6 6. Bb3 Ba7 7. Nbd2 O-O 8. h3
d5 9. Qe2 dxe4 10. dxe4 Qe7 11. Nf1 Be6 12. Ng3 Rad8 13. Nh4 Bxb3 14. axb3 Qe6
15. b4 Rd7 16. Nhf5 Rfd8 17. O-O g6 18. Nh6+ Kg7 19. Bg5 Rd3 20. Kh1 R8d7 21.
Kh2 Ng8 22. f4 Nxh6 23. Bxh6+ Kxh6 24. f5 Qd6 25. f6 Rxg3 26. Kxg3 Qd3+ 27.
Qxd3 Rxd3+ 28. Kh2 g5 29. Rae1 Kg6 30. h4 h6 31. g4 gxh4 32. Rf5 Be3 33. Kh1
Bf4 34. Ra1 Na7 35. c4 Rd4 36. b5 Rxe4 37. bxa6 b6 38. Rd1 Re3 39. Rd8 Rh3+ 40.
Kg2 Rg3+ 41. Kf2 Rxg4 42. Rxf4 Rxf4+ 43. Kg2 Rxc4 44. Ra8 Nb5 45. b3 Rc2+ 46.
Kh3 Kxf6 47. Kxh4 Rb2 48. Rh8 Rxb3 49. Rxh6+ Kf5 50. Rh7 Ke6 0-1

[Event "8e Festival de Vaujany 2017 - principal"]
[Site "?"]
[Date "2017.07.19"]
[Round "7.17"]
[White "Soyer, Jean-Yves"]
[Black "Patole, Noam"]
[Result "1-0"]
[WhiteElo "2084"]
[BlackElo "1778"]
[PlyCount "69"]
[EventDate "2017.07.15"]

1. d4 d5 2. c4 c6 3. cxd5 cxd5 4. Bf4 Nc6 5. e3 a6 6. Nc3 Nf6 7. Be2 Bf5 8. g4
Bg6 9. h4 h6 10. Qb3 Ra7 11. Nf3 e6 12. Ne5 Nb4 13. Nxg6 fxg6 14. a3 Nc6 15.
Qc2 Ne7 16. Bd3 Kf7 17. f3 Nc6 18. Bxg6+ Kg8 19. O-O-O b5 20. g5 b4 21. gxf6
bxc3 22. f7+ Rxf7 23. Bxf7+ Kxf7 24. Qxc3 Qb6 25. Kb1 Be7 26. Rc1 Rc8 27. Qd3
Bf6 28. Rhg1 Ke7 29. Rg2 Qb7 30. Rcg1 Kd7 31. Rxg7+ Bxg7 32. Rxg7+ Ne7 33.
Rxe7+ Kxe7 34. Qh7+ Kd8 35. Qxb7 1-0

[Event "8e Festival de Vaujany 2017 - principal"]
[Site "?"]
[Date "2017.07.19"]
[Round "7.18"]
[White "Keiman, Clemens"]
[Black "Birovecz, Ben Jordan"]
[Result "0-1"]
[WhiteElo "1836"]
[BlackElo "1981"]
[PlyCount "80"]
[EventDate "2017.07.15"]

1. d4 Nf6 2. c4 c5 3. d5 e5 4. Nc3 d6 5. e4 Be7 6. g3 Nbd7 7. Bg2 a6 8. a4 b6
9. Nge2 Rb8 10. Qd3 Nf8 11. O-O Ng6 12. f4 h5 13. f5 Nf8 14. h3 N6h7 15. Be3
Bg5 16. Bf2 Nf6 17. Rab1 Qc7 18. Bf3 N8d7 19. Kg2 Ke7 20. Ng1 Bb7 21. Be2 Rbg8
22. Nf3 Bh6 23. Nh4 Bc8 24. Rg1 Nf8 25. b4 g5 26. fxg6 Nxg6 27. Nxg6+ Rxg6 28.
bxc5 bxc5 29. Kh2 Qd7 30. Bf1 Rhg8 31. Qe2 Rh8 32. Rh1 h4 33. g4 Bf4+ 34. Kg1
Nxg4 35. hxg4 Rxg4+ 36. Bg2 h3 37. Qf3 Rhg8 38. Rxh3 Rxg2+ 39. Kf1 Qxh3 40.
Qxh3 Bxh3 0-1

[Event "8e Festival de Vaujany 2017 - principal"]
[Site "?"]
[Date "2017.07.19"]
[Round "7.19"]
[White "Geher, Koppany"]
[Black "Lysenko, Ivan"]
[Result "1-0"]
[WhiteElo "1973"]
[BlackElo "1703"]
[PlyCount "97"]
[EventDate "2017.07.15"]

1. e4 c5 2. Nf3 e6 3. d4 cxd4 4. Nxd4 a6 5. Nc3 Qc7 6. Qf3 Nc6 7. Nxc6 bxc6 8.
Qg3 e5 9. f4 d6 10. fxe5 dxe5 11. Bc4 Nf6 12. O-O h6 13. Kh1 a5 14. Bb3 Be6 15.
Bxe6 fxe6 16. Qg6+ Qf7 17. Qxf7+ Kxf7 18. b3 Bc5 19. Na4 Bd4 20. c3 Ba7 21. Ba3
Kg6 22. Rfe1 Rhd8 23. Nb2 Ng4 24. h3 Ne3 25. Re2 Rd7 26. Rae1 Kh5 27. Rxe3 Bxe3
28. Rxe3 Rd2 29. Nc4 Rxa2 30. Be7 Kg6 31. Nxe5+ Kh7 32. Nxc6 a4 33. bxa4 R8xa4
34. Nd4 Ra8 35. Bd6 Rd2 36. e5 Re8 37. Kh2 g5 38. Rf3 Kg7 39. Rf6 Rd3 40. Nxe6+
Kh7 41. Nf8+ Kg7 42. Rg6+ Kh8 43. Rxh6+ Kg8 44. Rg6+ Kh8 45. Rxg5 Rc8 46. Bb4
Rcd8 47. Be7 R8d6 48. Rh5+ Kg8 49. exd6 1-0

[Event "8e Festival de Vaujany 2017 - principal"]
[Site "?"]
[Date "2017.07.19"]
[Round "7.20"]
[White "Bohli, Adam"]
[Black "Kantzer, Romain"]
[Result "0-1"]
[WhiteElo "1815"]
[BlackElo "1846"]
[PlyCount "34"]
[EventDate "2017.07.15"]

1. e4 c5 2. Ne2 Nc6 3. Nbc3 d6 4. g3 Bg4 5. Bg2 Nd4 6. O-O Nf3+ 7. Kh1 Qd7 8.
d3 h5 9. Bxf3 Bxf3+ 10. Kg1 Nf6 11. Nb1 Qg4 12. Re1 h4 13. Nd2 hxg3 14. fxg3
Rxh2 15. Kxh2 Qh5+ 16. Kg1 Qh1+ 17. Kf2 Ng4# 0-1

[Event "8e Festival de Vaujany 2017 - principal"]
[Site "?"]
[Date "2017.07.20"]
[Round "8.1"]
[White "Skomorokhin, Roman"]
[Black "Bauer, Christian"]
[Result "1/2-1/2"]
[WhiteElo "2390"]
[BlackElo "2639"]
[PlyCount "106"]

1. d4 Nf6 2. c4 e6 3. Nf3 Bb4+ 4. Nbd2 O-O 5. a3 Be7 6. e3 c5 7. dxc5 a5 8. b3
Na6 9. Bb2 Nxc5 10. Qc2 d6 11. Be2 e5 12. O-O g6 13. b4 Bf5 14. Qd1 Qb6 15. Bc3
axb4 16. axb4 Nce4 17. Nxe4 Nxe4 18. Be1 Qc7 19. Qc1 Be6 20. Rxa8 Rxa8 21. Qc2
f5 22. Nd2 Nf6 23. Qb2 Nd7 24. f4 b5 25. fxe5 Nxe5 26. cxb5 Bf6 27. Bf2 Ra2 28.
Qc1 Qxc1 29. Rxc1 Rxd2 30. Kf1 Rb2 31. Be1 Nd7 32. Rc6 Kf8 33. b6 Nb8 34. Rc7
Bd8 35. Rxh7 Rc2 36. Bd1 Bc4+ 37. Kg1 Rc1 38. Rh8+ Ke7 39. Bh4+ Ke6 40. Rxd8
Rxd1+ 41. Kf2 Nc6 42. b7 Rb1 43. Rc8 Rb2+ 44. Kg1 Ba6 45. Re8+ Kd5 46. b8=Q
Nxb8 47. Rxb8 Bd3 48. h3 Be4 49. Bf2 g5 50. Rg8 Rb1+ 51. Kh2 Rb2 52. Kg1 Rb1+
53. Kh2 Rb2 1/2-1/2

[Event "8e Festival de Vaujany 2017 - principal"]
[Site "?"]
[Date "2017.07.13"]
[Round "8.2"]
[White "Lagarde, Maxime"]
[Black "Horvath, Jozsef"]
[Result "1/2-1/2"]
[WhiteElo "2609"]
[BlackElo "2541"]
[PlyCount "118"]

1. e4 c6 2. d4 d5 3. e5 Bf5 4. Nf3 e6 5. Be2 Bb4+ 6. Nbd2 Nd7 7. O-O Ba5 8. c4
h6 9. cxd5 cxd5 10. Nb3 Bb6 11. Be3 Ne7 12. Nh4 Be4 13. f3 Bh7 14. f4 Nc6 15.
Qe1 O-O 16. Kh1 a5 17. Qg3 a4 18. f5 Kh8 19. Nc5 Bxc5 20. dxc5 d4 21. Bg1 Nxc5
22. Rf4 exf5 23. Nxf5 Qg5 24. Nd6 Qxg3 25. hxg3 Ne6 26. Nxf7+ Kg8 27. Bc4 Nxf4
28. Nd6+ Kh8 29. gxf4 Rxf4 30. Bh2 g5 31. Bxf4 gxf4 32. e6 Kg7 33. Rf1 Rf8 34.
Re1 Ne7 35. Rd1 f3 36. gxf3 Rxf3 37. Rxd4 Rf2 38. Kg1 Rxb2 39. Ne8+ Kf8 40. Nf6
Bg6 41. a3 b5 42. Bf1 Kg7 43. Nd7 Bf5 44. Nc5 Rc2 45. Na6 Bxe6 46. Bxb5 Nf5 47.
Rxa4 Ne3 48. Bd3 Rg2+ 49. Kh1 Rd2 50. Nc5 Bg4 51. Ra7+ Kf8 52. Nd7+ Bxd7 53.
Rxd7 Rd1+ 54. Kh2 Ng4+ 55. Kg2 Rd2+ 56. Kf3 Ne5+ 57. Ke3 Rxd3+ 58. Rxd3 Nxd3
59. Kxd3 Ke7 1/2-1/2

[Event "8e Festival de Vaujany 2017 - principal"]
[Site "?"]
[Date "2017.07.20"]
[Round "8.3"]
[White "Gazik, Viktor"]
[Black "Van Osch, Mess"]
[Result "1-0"]
[WhiteElo "2462"]
[BlackElo "2316"]
[PlyCount "73"]
[EventDate "2017.07.15"]

1. c4 Nf6 2. Nc3 g6 3. g3 Bg7 4. Bg2 O-O 5. Nf3 d6 6. O-O Nc6 7. d3 e5 8. Rb1
a5 9. a3 Nd4 10. Bg5 Ne6 11. Bd2 c6 12. b4 axb4 13. axb4 Re8 14. b5 Nc7 15. Bg5
d5 16. bxc6 bxc6 17. d4 e4 18. Ne5 c5 19. cxd5 cxd4 20. Nc6 Qd7 (20... Qd6 21.
Bxf6 dxc3 22. Bxg7 Kxg7 23. Qd4+ Qf6 24. Qc5 $14) 21. Bxf6 Bxf6 (21... dxc3 22.
Bxg7 Kxg7 23. Qd4+ f6 24. Bxe4) 22. Nxe4 Bg7 23. Nxd4 Ra4 24. e3 Rxd4 25. exd4
Nxd5 26. Qb3 Ne7 27. d5 Nf5 28. Qb6 Nd4 29. Nf6+ Bxf6 30. Qxf6 Ne2+ 31. Kh1 Bb7
32. Rbd1 Rc8 33. Rfe1 Nc3 34. Re7 Qf5 35. Qxf5 gxf5 36. Rc1 Ra8 37. Rxb7 1-0

[Event "8e Festival de Vaujany 2017 - principal"]
[Site "?"]
[Date "2017.07.20"]
[Round "8.4"]
[White "Collas, Didier"]
[Black "Loiseau, Quentin"]
[Result "0-1"]
[WhiteElo "2376"]
[BlackElo "2424"]
[PlyCount "70"]
[EventDate "2017.07.15"]

1. e4 c5 2. Nf3 e6 3. g3 a6 4. Bg2 b5 5. O-O Bb7 6. Qe2 Ne7 7. b3 Nbc6 8. Bb2
d5 9. exd5 Qxd5 10. c4 bxc4 11. bxc4 Qd7 12. Nc3 Nf5 13. Nd5 Rd8 14. Rfd1 Be7
15. Nxe7 Qxe7 16. Rab1 O-O 17. Bc3 Ba8 18. Rb6 Qa7 19. Rb3 Ncd4 20. Bxd4 Bxf3
21. Qxf3 Nxd4 22. Qb7 Qxb7 23. Rxb7 Ne2+ 24. Kf1 Nc3 25. Ra1 Rxd2 26. Rc7 Rb8
27. Bf3 g6 28. Kg2 Rbb2 29. Rf1 e5 30. Ba8 Nd1 31. Kf3 f5 32. Bd5+ Kh8 33. Rxd1
Rxd1 34. Rxc5 Rd3+ 35. Kg2 Rdd2 0-1

[Event "8e Festival de Vaujany 2017 - principal"]
[Site "?"]
[Date "2017.07.20"]
[Round "8.5"]
[White "Midoux, Sebastien"]
[Black "Godart, Francois"]
[Result "1/2-1/2"]
[WhiteElo "2339"]
[BlackElo "2411"]
[PlyCount "62"]
[EventDate "2017.07.15"]

1. d4 Nf6 2. Nc3 d5 3. Bg5 e6 4. a3 c5 5. dxc5 Bxc5 6. e3 h6 7. Bh4 O-O 8. Nf3
b6 9. Bd3 Bb7 10. O-O Nbd7 11. Qe2 Be7 12. Bg3 Nc5 13. Rfd1 Nxd3 14. cxd3 Nh5
15. Be5 f6 16. Ne1 Qe8 17. Bg3 Nxg3 18. hxg3 Rc8 19. d4 Rc4 20. e4 Qd7 21. Nc2
Rc7 22. exd5 Bxd5 23. Nxd5 Qxd5 24. Ne3 Qe4 25. Qb5 Rd8 26. Qb3 Kh8 27. d5 exd5
28. Nxd5 Rcd7 29. Nxe7 Rxd1+ 30. Rxd1 Rxd1+ 31. Qxd1 Qxe7 1/2-1/2

[Event "8e Festival de Vaujany 2017 - principal"]
[Site "Vaujany"]
[Date "2017.07.20"]
[Round "8.6"]
[White "Van Foorest, Lucas"]
[Black "Brunner, Nicolas"]
[Result "0-1"]
[WhiteElo "2474"]
[BlackElo "2480"]
[PlyCount "110"]
[EventDate "2017.07.13"]
[EventRounds "9"]
[EventCountry "FRA"]

1. d4 Nf6 2. c4 e6 3. Nf3 d5 4. Nc3 dxc4 5. e4 Bb4 6. e5 Nd5 7. Bd2 Nb6 8. Ne4
a5 9. Qc2 Nc6 10. a3 Bxd2+ 11. Qxd2 O-O 12. Be2 Ne7 13. Qc2 Nf5 14. Rd1 Bd7 15.
Rd2 Ba4 16. Qb1 Bc6 17. O-O Qe7 18. Rc1 Bd5 19. Nc3 Rad8 20. Nxd5 Rxd5 21. Bxc4
Nxc4 22. Rxc4 Rfd8 23. Qc2 c6 24. Qe4 h6 25. h3 R8d7 26. Qc2 Nh4 27. Nxh4 Qxh4
28. Qc3 Qe4 29. Kf1 g5 30. Re2 Qf5 31. Rd2 Qb1+ 32. Ke2 Qe4+ 33. Kf1 Kg7 34.
Re2 Qf5 35. Kg1 Qf4 36. g3 Qf5 37. Kg2 h5 38. Qe3 Rd8 39. Rd2 g4 40. h4 c5 41.
Kg1 b6 42. Kh2 Kg6 43. b4 cxb4 44. axb4 a4 45. b5 Ra8 46. Ra2 a3 47. Rb4 Ra5
48. Rb3 Rdxb5 49. Rxb5 Rxb5 50. Rxa3 Rb2 51. Kg2 Rb1 52. Ra4 b5 53. Ra8 Kh7 54.
Rb8 Qc2 55. Qf4 Qc6+ 0-1

[Event "8e Festival de Vaujany 2017 - principal"]
[Site "?"]
[Date "2017.07.20"]
[Round "8.7"]
[White "Dudognon, Thibault"]
[Black "Collas, Silvia"]
[Result "1/2-1/2"]
[WhiteElo "2201"]
[BlackElo "2296"]
[PlyCount "135"]
[EventDate "2017.07.15"]

1. c4 e5 2. g3 Nc6 3. Nc3 Bc5 4. Bg2 a6 5. e3 d6 6. Nge2 Ba7 7. O-O h5 8. h3 h4
9. g4 f5 10. f3 Nge7 11. d4 Ng6 12. Kh1 O-O 13. d5 Na5 14. b3 c6 15. e4 fxg4
16. fxg4 Rxf1+ 17. Qxf1 b5 18. Bd2 cxd5 19. exd5 bxc4 20. b4 Nb7 21. Be4 Qe8
22. Ng1 Nf4 23. Bxf4 exf4 24. Qxf4 Qe5 25. Qxe5 dxe5 26. d6 Rb8 27. Bd5+ Kh7
28. Ne4 Nd8 29. Nf3 Rxb4 30. Rf1 Bb7 31. Bxb7 Nxb7 32. d7 Bd4 33. Neg5+ Kh6 34.
Nf7+ Kh7 35. N7xe5 Bxe5 36. Nxe5 c3 37. Rc1 Rb5 38. Nf7 Rd5 39. Rxc3 Rxd7 40.
Ng5+ Kg8 41. Rc8+ Rd8 42. Rxd8+ Nxd8 43. Nf3 Ne6 44. Nxh4 Nf4 45. Kh2 a5 46.
Kg3 Ne2+ 47. Kf3 Nc3 48. a3 Nb5 49. a4 Nc3 50. Nf5 Nxa4 51. Ne7+ Kf7 52. Nc6
Nc5 53. Nxa5 g5 54. Nc4 Ke6 55. Nd2 Kd5 56. Ke3 Ke5 57. Nf3+ Kf6 58. Kd4 Ne6+
59. Ke4 Nc5+ 60. Kd5 Ne6 61. Ke4 Nc5+ 62. Ke3 Ne6 63. Ne1 Ke5 64. Nd3+ Kd5 65.
Kf3 Nd4+ 66. Kg3 Ke4 67. Nc5+ Kd5 68. Nd3 1/2-1/2

[Event "8e Festival de Vaujany 2017 - principal"]
[Site "?"]
[Date "2017.07.20"]
[Round "8.8"]
[White "Maiorov, Nikita"]
[Black "Piceu, Tom"]
[Result "1-0"]
[WhiteElo "2531"]
[BlackElo "2378"]
[PlyCount "93"]

1. d4 Nf6 2. c4 c5 3. d5 b5 4. cxb5 a6 5. bxa6 g6 6. Nc3 Bxa6 7. g3 Bg7 8. Bg2
d6 9. Nf3 Nbd7 10. O-O Nb6 11. Re1 O-O 12. Bf4 Nfd7 13. Qc1 Re8 14. Bh6 Bh8 15.
b3 Bb7 16. e4 c4 17. b4 Na4 18. Bd2 Ndb6 19. a3 e6 20. dxe6 Rxe6 21. e5 dxe5
22. Ng5 Re7 23. Bxb7 Rxb7 24. Nge4 Qd3 25. Ra2 Rc7 26. Be3 Nxc3 27. Nxc3 Nd5
28. Nxd5 Qxd5 29. Rd2 Qb5 30. Red1 Bf6 31. Qc3 Kg7 32. Bc5 Rxc5 33. bxc5 e4 34.
Qb4 Qa4 35. Qxa4 Rxa4 36. Rc2 c3 37. Rb1 Rc4 38. Rb4 Rxc5 39. Rxe4 g5 40. Kf1
Rb5 41. a4 Rd5 42. Ke2 Bd4 43. Re8 Ra5 44. Kd3 Bf6 45. Ra2 Rd5+ 46. Kc4 Rd2 47.
Re2 1-0